[Event "Match"]
[Site "www.echecsemail.com"]
[Date "2015.04.02"]
[Round "1"]
[White "Emmanuelasi"]
[Black "Eman85"]
[WhiteElo "2190"]
[BlackElo "2149"]
[Result "1-0"]
[Round "1"]
1.e4 c5
2.d4 cxd4
3.c3 Ng8f6
4.e5 Nf6d5
5.Ng1f3 Nb8c6
6.Bf1c4 Nd5b6
7.Bc4b3 d6
8.exd6 dxc3
9.Nb1xc3 exd6
10.Nf3g5 Nc6e5
11.Qd1e2 Bf8e7
12.h4 Bc8f5
13.f4 Ne5d3
14.Kd1 d5
15.Bb3c2 Bf5g4
16.Ng5f3 Nd3b4
17.Bc2d3 Nb4xd3
18.Qe2xd3 O-O
19.Bc1d2 Nb6c4
20.Bd2c1 Qd8b6
21.b3 Qb6b5
22.Nc3xb5 Ra8d8
23.Nb5d4 Be7f6
24.Ra1b1 Rf8e8
25.Rh1e1 Nc4d6
26.Re1xe8 Rd8xe8
27.Kc2 Re8c8
28.Kd1 Bf6xh4
29.Bc1d2 Nd6e4
30.Bd2e1 Bh4f2
31.Ke2 Bf2xd4
32.Qd3xd4 Rc8c2
33.Kd3 Rc2xa2
34.Qd4xd5 Ne4c5
35.Qd5xc5 Ra2xg2
36.Nf3d4 b6
37.Qc5d5 { resign }
1-0

[Event "Match"]
[Site "www.echecsemail.com"]
[Date "2015.04.02"]
[Round "1"]
[White "Andychesston"]
[Black "Pablincho"]
[WhiteElo "1760"]
[BlackElo "1740"]
[Result "1-0"]
[Round "1"]
1.e4 e6
2.Ng1f3 h6
3.d4 d6
4.Nb1c3 Nb8c6
5.Bc1e3 Ng8f6
6.Bf1b5 a6
7.Bb5a4 b5
8.Ba4b3 Bf8e7
9.O-O Bc8b7
10.d5 Nc6e5
11.Nf3xe5 dxe5
12.dxe6 O-O
13.Qd1xd8 Ra8xd8
14.Ra1d1 Nf6xe4
15.Rd1xd8 Rf8xd8
16.Nc3xe4 Bb7xe4
17.exf7 Kf8
18.f3 Be4g6
19.f4 e4
20.f5 Bg6xf7
21.Bb3xf7 Kxf7
22.g4 Be7f6
23.c3 Rd8d3
24.Kf2 g5
25.Rf1e1 Bf6e5
26.Kg2 Kf6
27.Be3c1 c5
28.Re1xe4 Rd3d1
29.Bc1e3 Rd1e1
30.Be3xg5 hxg5
31.Re4xe1 b4
32.Re1c1 Be5f4
33.Rc1c2 a5
34.cxb4 cxb4
35.Rc2c6 Kf7
36.Rc6a6 Bf4c1
37.b3 Bc1b2
38.Ra6xa5 Kf6
39.Ra5b5 Bb2c3
40.Kf3 Kf7
41.Ke4 Ke7
42.Rb5b6 { resign }
1-0

[Event "Match"]
[Site "www.echecsemail.com"]
[Date "2015.04.02"]
[Round "1"]
[White "Matuisgman"]
[Black "Xandersonx"]
[WhiteElo "1409"]
[BlackElo "1689"]
[Result "0-1"]
[Round "1"]
1.f4 e6
2.c4 f5
3.Ng1f3 h6
4.Nb1c3 Bf8d6
5.a3 Bd6xf4
6.g3 Bf4g5
7.Nf3d4 Bg5h4
8.Nd4f3 Bh4f6
9.h4 Ng8e7
10.Nc3b5 c6
11.Nb5c3 d5
12.d3 Qd8a5
13.Qd1a4 Bf6xc3
14.bxc3 Qa5xa4
15.Bc1f4 Qa4c2
16.Ra1d1 Qc2xc3
17.Rd1d2 Qc3xa3
18.e4 dxc4
19.Bf4e5 O-O
20.Be5b2 Qa3a6
21.Nf3d4 c5
22.Nd4c2 cxd3
23.Bf1xd3 Qa6c6
24.Nc2a3 Rf8d8
25.Rh1f1 fxe4
26.Bd3c4 Rd8e8
27.Bc4b5 Qc6c7
28.Bb5xe8 Qc7xg3
29.Rf1f2 Qg3e3
30.Rf2e2 Qe3g1

0-1

[Event "1/128 Finale"]
[Site "www.chess-mail.com"]
[Date "2015.04.02"]
[Round "1"]
[White "Amaya"]
[Black "Llord"]
[WhiteElo "2020"]
[BlackElo "1780"]
[Result "1-0"]
[Round "1"]
1.d4 d5
2.e3 Nb8c6
3.c3 Ng8f6
4.Bf1d3 e6
5.Nb1d2 Bf8d6
6.f4 O-O
7.Ng1f3 Nf6g4
8.Qd1e2 Nc6e7
9.Nf3e5 Ng4xe5
10.fxe5 Bd6xe5
11.dxe5 Ne7c6
12.Nd2f3 Bc8d7
13.O-O f6
14.exf6 Rf8xf6
15.e4 Nc6e7
16.Bc1g5 Rf6g6
17.exd5 Qd8e8
18.Bd3xg6 Ne7xg6
19.dxe6 Bd7xe6
20.Ra1e1 Be6f7
21.Qe2f2 Qe8b5
22.Nf3d4 Qb5xg5
23.Qf2xf7 Kh8
24.Re1e8 { resign }
1-0

[Event "Tourn. n8072"]
[Site "www.chess-mail.com"]
[Date "2015.04.02"]
[Round "1"]
[White "Andreachess"]
[Black "Fabos12"]
[WhiteElo "1920"]
[BlackElo "1880"]
[Result "1-0"]
[Round "1"]
1.c4 Nb8c6
2.Nb1c3 e5
3.g3 f5
4.Bf1g2 Ng8f6
5.d3 Bf8b4
6.Bc1g5 O-O
7.Ng1f3 d5
8.a3 Bb4xc3
9.bxc3 dxc4
10.dxc4 Qd8e8
11.O-O h6
12.Bg5xf6 Rf8xf6
13.Ra1b1 e4
14.Nf3d4 b6
15.f3 e3
16.f4 Bc8b7
17.Qd1d3 Ra8d8
18.Rb1b5 Nc6xd4
19.cxd4 Bb7xg2
20.Kxg2 Qe8g6
21.Qd3xe3 Rd8e8
22.Qe3f3 Re8e4
{ time. }
1-0

[Event "Tourn. n8067"]
[Site "www.chess-mail.com"]
[Date "2015.04.02"]
[Round "1"]
[White "Attatroll"]
[Black "Fabos12"]
[WhiteElo "1990"]
[BlackElo "1880"]
[Result "1-0"]
[Round "1"]
1.e4 g6
2.d4 d6
3.Ng1f3 Bf8g7
4.c3 Nb8c6
5.Bc1e3 Bc8g4
6.Bf1e2 Bg4xf3
7.Be2xf3 f5
8.exf5 gxf5
9.Bf3h5 Kd7
10.O-O Ng8f6
11.Bh5f3 e5
12.Bf3xc6 Kxc6
13.Qd1f3 e4
14.Qf3xf5 Rh8f8
15.Nb1a3 d5
16.Na3c2 b6
17.Qf5e6 Kb7
18.Nc2b4 Rf8e8
19.Qe6c6 Kb8
20.Nb4a6 Kc8
21.Qc6xa8 Kd7
22.Qa8xd8 Kxd8
23.Be3g5 Kc8
24.Bg5xf6 Bg7xf6
25.Na6b4 Kb7
26.Nb4xd5 Bf6h8
27.Rf1e1 Kc6
28.Nd5b4 Kb7
29.Nb4d5 c6
30.Nd5e3 Bh8g7
31.Ra1d1 Ka6
32.Ne3f5 Bg7f8
33.f3 e3
34.Re1xe3 Re8xe3
35.Nf5xe3 Kb7
36.Rd1e1 Bf8h6
37.Ne3f5 Bh6d2
38.Re1e7 Ka6
39.Re7xh7  { time }
1-0

[Event "Tourn. n8125"]
[Site "www.chess-mail.com"]
[Date "2015.04.02"]
[Round "1"]
[White "Faerieking"]
[Black "Averoes"]
[WhiteElo "2130"]
[BlackElo "2140"]
[Result "0-1"]
[Round "1"]
1.e4 c5
2.Ng1f3 e6
3.d4 cxd4
4.Nf3xd4 Ng8f6
5.Nb1c3 Nb8c6
6.Nd4xc6 bxc6
7.e5 Nf6d5
8.Nc3e4 Qd8c7
9.f4 d6
10.c4 dxe5
11.cxd5 exd5
12.Ne4c3 exf4
13.Qd1f3 Bf8d6
14.Bf1e2 O-O
15.O-O g5
16.Qf3h5 f6
17.h4 Qc7f7
18.Qh5xf7 Rf8xf7
19.hxg5 fxg5
20.g4 h5
21.gxh5 Bc8h3
22.Rf1f3 g4
23.Rf3xh3 gxh3
24.Bc1d2 f3
25.Be2f1 h2
26.Kh1 Rf7g7
27.Bf1d3 Rg7g2
{ resign }
0-1

[Event "Tourn. n8064"]
[Site "www.chess-mail.com"]
[Date "2015.04.02"]
[Round "1"]
[White "Krasin"]
[Black "Pgcbies"]
[WhiteElo "2310"]
[BlackElo "2780"]
[Result "1/2-1/2"]
[Round "1"]
1.e4 e5
2.d4 exd4
3.Qd1xd4 Nb8c6
4.Qd4e3 Ng8f6
5.Nb1c3 Bf8b4
6.Bc1d2 O-O
7.O-O-O Rf8e8
8.Qe3g3 Nf6xe4
9.Nc3xe4 Re8xe4
10.Bd2xb4 Re4xb4
11.a3 Rb4e4
12.Bf1d3 Re4e8
13.f4 Ra8b8
14.Ng1f3 h6
15.h4 a6
16.Nf3g5 d5
17.Bd3h7 Kf8
18.Bh7e4 d4
19.Qg3b3 Bc8e6
20.Ng5xe6 Re8xe6
21.Be4xc6 Re6xc6
22.Qb3b4 Qd8d6
23.Qb4xd4 Qd6xd4
24.Rd1xd4 Rb8e8
25.Kd2 { draw }
1/2-1/2

[Event "Tourn. n8131"]
[Site "www.chess-mail.com"]
[Date "2015.04.02"]
[Round "1"]
[White "Neo"]
[Black "Germancho95"]
[WhiteElo "1760"]
[BlackElo "1660"]
[Result "1-0"]
[Round "1"]
1.d4 Ng8f6
2.e3 e6
3.g3 c5
4.Bf1g2 d5
5.c3 b6
6.Ng1f3 Bf8d6
7.Nf3e5 O-O
8.O-O Nb8d7
9.Ne5xd7 Bc8xd7
10.a3 Bd7b5
11.Rf1e1 Rf8e8
12.b3 c4
13.bxc4  { time }
1-0

[Event "Tourn. n8058"]
[Site "www.chess-mail.com"]
[Date "2015.04.02"]
[Round "1"]
[White "Julian"]
[Black "Naujzaid"]
[WhiteElo "2000"]
[BlackElo "2130"]
[Result "0-1"]
[Round "1"]
1.e4 c5
2.Ng1f3 d6
3.c3 Ng8f6
4.d3 e6
5.Nb1d2 Bf8e7
6.d4 O-O
7.e5 Nf6d7
8.g3 Nb8c6
9.Bf1g2 dxe5
10.dxe5 Nd7xe5
11.Nf3xe5 Nc6xe5
12.O-O Qd8c7
13.Nd2e4 Ne5g6
14.Bc1e3 Rf8d8
15.Qd1h5 Ra8b8
16.Ra1d1 b6
17.Rd1xd8 Qc7xd8
18.Rf1d1 Qd8c7
19.Ne4g5 Be7xg5
20.Be3xg5 Bc8b7
21.Qh5e2 Bb7xg2
22.Kxg2 h6
23.Bg5e3 Rb8d8
24.Rd1xd8 Qc7xd8
25.h4 Qd8d5
26.f3 Ng6e5
27.Be3f4 Ne5g6
28.Bf4b8 Qd5xa2
29.h5 Ng6e7
30.g4 Ne7d5
31.Kg3 Nd5xc3
32.Qe2d3 Nc3d5
33.Qd3b5 Nd5f6
34.Bb8e5 Qa2d5
35.Be5b8 Qd5d7
36.Qb5xd7 Nf6xd7
37.Bb8xa7 Kf8
38.f4 Ke7
39.g5 Kd6
40.Kg4 Kc7
41.f5 exf5
42.Kxf5 hxg5
43.Kxg5 Kb7
{ resign }
0-1

[Event "Tourn. n8045"]
[Site "www.chess-mail.com"]
[Date "2015.04.02"]
[Round "1"]
[White "Azulmarino"]
[Black "Anthony61"]
[WhiteElo "1550"]
[BlackElo "1429"]
[Result "1-0"]
[Round "1"]
1.e4 e6
2.d3 d5
3.f3 Bf8d6
4.Bc1d2 Qd8h4
5.g3 Bd6xg3
6.Ke2 Bg3d6
7.Bd2e1 Qh4f6
8.Be1c3 d4
9.Bc3d2 Ng8e7
10.Ng1h3 h6
11.c3 c5
12.c4  { time }
1-0

[Event "Tourn. n8137"]
[Site "www.chess-mail.com"]
[Date "2015.04.02"]
[Round "1"]
[White "Maxlou"]
[Black "Imkrebsgang"]
[WhiteElo "1830"]
[BlackElo "1850"]
[Result "0-1"]
[Round "1"]
1.d4 d5
2.Ng1f3 e6
3.Bc1f4 Bf8d6
4.Bf4g3 Ng8f6
5.e3 Nb8c6
6.c4 b6
7.cxd5 Nf6xd5
8.e4 Bd6b4
9.Nb1d2 Nd5e7
 { time }
0-1

[Event "Tourn. n7952"]
[Site "www.chess-mail.com"]
[Date "2015.04.02"]
[Round "1"]
[White "Nimzo"]
[Black "Numanoid"]
[WhiteElo "2670"]
[BlackElo "2600"]
[Result "1-0"]
[Round "1"]
1.d4 c5
2.d5 Ng8f6
3.c4 e6
4.Nb1c3 exd5
5.cxd5 d6
6.e4 g6
7.Bf1d3 Bf8g7
8.h3 O-O
9.Ng1f3 b5
10.Nc3xb5 Rf8e8
11.O-O Nf6xe4
12.Rf1e1 a6
13.Nb5c3 Ne4xc3
14.bxc3 Bg7xc3
15.Re1xe8 Qd8xe8
16.Ra1b1 Nb8d7
17.Qd1a4 Nd7f6
18.Qa4c4 Bc3a5
19.Bc1g5 Nf6h5
20.g4 Nh5g7
21.Qc4f4 Qe8d7
22.Bd3c2 f5
23.Bc2a4 Qd7c7
24.Bg5f6 Bc8b7
25.Nf3g5 { resign }
1-0

[Event "Tourn. n8096"]
[Site "www.chess-mail.com"]
[Date "2015.04.02"]
[Round "1"]
[White "Libiesse"]
[Black "Korbacik"]
[WhiteElo "1930"]
[BlackElo "1809"]
[Result "0-1"]
[Round "1"]
1.d4 Ng8f6
2.c4 e6
3.Ng1f3 Bf8b4
4.Bc1d2 a5
5.a3 Bb4xd2
6.Nb1xd2 d5
7.e3 O-O
8.cxd5 exd5
9.Bf1e2 Bc8g4
10.O-O Nb8d7
11.Ra1c1 c6
12.Nd2b3 Nf6e4
13.h3 Bg4xf3
14.Be2xf3 f5
15.Nb3c5 Nd7xc5
16.dxc5 Qd8e7
17.Qd1d4 Rf8f6
18.Rf1d1 Ra8f8
19.Rd1d3 Rf6g6
20.Rd3b3 Ne4g5
21.Kh1 Ng5xf3
22.gxf3 Qe7g5
{ resign }
0-1

[Event "Match"]
[Site "www.echecsemail.com"]
[Date "2015.04.02"]
[Round "1"]
[White "Nozal"]
[Black "Ztornad"]
[WhiteElo "1850"]
[BlackElo "1740"]
[Result "0-1"]
[Round "1"]
1.e4 e5
2.Ng1f3 Nb8c6
3.d4 Bf8d6
4.a3 h6
5.d5 Nc6d4
6.Nf3xd4 exd4
7.Qd1xd4 f6
8.Bf1e2 Qd8e7
9.O-O Bd6e5
10.Qd4b4 d6
11.f4 a5
12.Qb4d2 Qe7f7
13.fxe5 dxe5
14.Nb1c3 Ng8e7
15.d6 Ne7c6
16.Nc3b5 O-O
17.Nb5xc7 Ra8b8
18.Qd2d5 Qf7xd5
19.Nc7xd5 Bc8e6
20.Be2c4 Kh8
21.Bc1e3 Nc6d4
22.Be3xd4 exd4
 { time }
0-1

[Event "Match"]
[Site "www.echecsemail.com"]
[Date "2015.04.02"]
[Round "1"]
[White "Ruskof"]
[Black "Caspito"]
[WhiteElo "1809"]
[BlackElo "1830"]
[Result "0-1"]
[Round "1"]
1.d4 Ng8f6
2.Ng1f3 g6
3.e3 Bf8g7
4.Bf1e2 d6
5.O-O O-O
6.b4 c6
7.Bc1b2 d5
8.Nb1d2 Nb8d7
 { time }
0-1

[Event "Match"]
[Site "www.echecsemail.com"]
[Date "2015.04.02"]
[Round "1"]
[White "Stevep84"]
[Black "Wilpretty"]
[WhiteElo "2120"]
[BlackElo "1839"]
[Result "1-0"]
[Round "1"]
1.e4 e5
2.Ng1f3 Nb8c6
3.Bf1b5 a6
4.Bb5xc6 dxc6
5.O-O f6
6.d4 exd4
7.Nf3xd4 c5
8.Nd4b3 Qd8xd1
9.Rf1xd1 Bc8g4
10.f3 Bg4e6
11.Nb1c3 Bf8d6
12.Bc1e3 b6
13.a4 Ng8e7
14.a5 O-O
15.axb6 Bd6xh2
16.Kxh2 cxb6
17.Rd1d6 Be6xb3
18.cxb3 Rf8b8
19.Nc3d5 Ne7xd5
20.exd5 Rb8d8
21.Rd6xd8 Ra8xd8
22.Ra1d1 Kf7
23.Be3f4 Rd8d7
24.d6 g5
25.Bf4g3 f5
26.Bg3e5 Ke6
27.f4 h6
28.Kg3 Rd7d8
29.Kf3 Kd7
30.Rd1h1 g4
31.Ke3 a5
32.Rh1xh6 Rd8f8
33.Rh6h7 Kc6
34.Rh7c7 Kd5
35.d7 { resign }
1-0

[Event "Match"]
[Site "www.echecsemail.com"]
[Date "2015.04.02"]
[Round "1"]
[White "Forest"]
[Black "Mrmoto"]
[WhiteElo "1570"]
[BlackElo "1580"]
[Result "1-0"]
[Round "1"]
1.d4 Ng8f6
2.c4 e6
3.Nb1c3 Bf8b4
4.e3 b6
5.Ng1e2 Bc8b7
6.a3 Bb4xc3
7.Ne2xc3 a6
8.Bc1d2 c5
9.Qd1c2 d6
10.O-O-O Qd8d7
11.h3 b5
12.dxc5 bxc4
13.cxd6 Qd7xd6
14.Nc3e2 O-O
15.Bd2b4 { resign }
1-0

[Event "Tourn. n8045"]
[Site "www.chess-mail.com"]
[Date "2015.04.03"]
[Round "1"]
[White "Anthony61"]
[Black "Easychess"]
[WhiteElo "1429"]
[BlackElo "1440"]
[Result "0-1"]
[Round "1"]
1.d4 d5
2.c4 dxc4
3.Ng1f3 c6
4.e3 b5
5.a4 Bc8b7
6.axb5 cxb5
7.b3 e6
8.bxc4 b4
9.Bf1e2 Ng8f6
10.O-O Bf8e7
 { time }
0-1

[Event "Tourn. n8170"]
[Site "www.chess-mail.com"]
[Date "2015.04.03"]
[Round "1"]
[White "Cathar"]
[Black "Tomasseeber"]
[WhiteElo "2240"]
[BlackElo "2170"]
[Result "1-0"]
[Round "1"]
1.e4 d5
2.exd5 Ng8f6
3.d4 Nf6xd5
4.Ng1f3 Bc8g4
5.c4 Nd5b6
6.c5 Nb6d5
7.Qd1b3 b6
8.Nf3e5 Bg4e6
9.Bf1b5 c6
10.Ne5xc6 { resign }
1-0

[Event "Tourn. n8144"]
[Site "www.chess-mail.com"]
[Date "2015.04.03"]
[Round "1"]
[White "Ruko"]
[Black "Gandalf"]
[WhiteElo "1880"]
[BlackElo "1600"]
[Result "0-1"]
[Round "1"]
1.e4 Ng8f6
2.e5 Nf6d5
3.d4 d6
4.Ng1f3 g6
5.Bf1c4 Nd5b6
6.Bc4b3 Bf8g7
7.Bc1f4 O-O
 { time }
0-1

[Event "Tourn. n8135"]
[Site "www.chess-mail.com"]
[Date "2015.04.03"]
[Round "1"]
[White "Difficult"]
[Black "T9l9"]
[WhiteElo "2090"]
[BlackElo "2209"]
[Result "0-1"]
[Round "1"]
1.c4 Ng8f6
2.d4 e6
3.Nb1c3 Bf8b4
4.Qd1c2 Nb8c6
5.e3 O-O
6.Bc1d2 d6
7.Ng1f3 Bb4xc3
8.Bd2xc3 Rf8e8
9.Bf1e2 e5
10.d5 Nc6e7
11.b4 Bc8f5
12.O-O Bf5xc2
{ resign }
0-1

[Event "Tourn. n7949"]
[Site "www.chess-mail.com"]
[Date "2015.04.03"]
[Round "1"]
[White "Manolinex"]
[Black "Nimzo"]
[WhiteElo "2700"]
[BlackElo "2660"]
[Result "1/2-1/2"]
[Round "1"]
1.d4 e6
2.Ng1f3 Ng8f6
3.c4 Bf8b4
4.Nb1d2 O-O
5.a3 Bb4e7
6.e4 d5
7.e5 Nf6d7
8.b4 a5
9.b5 c5
10.Qd1c2 cxd4
11.Bf1d3 h6
12.cxd5 exd5
13.Nd2b3 a4
14.Nb3xd4 Nd7c5
15.Bd3e2 Nb8d7
16.O-O Rf8e8
17.Bc1b2 Be7f8
18.Nd4f5 Nc5b3
19.Ra1d1 Nd7b6
20.Nf5e3 Bc8e6
21.Nf3d4 Ra8c8
22.Qc2d3 Nb6c4
23.Nd4xe6 Nc4xb2
24.Ne6xd8 Nb2xd3
25.Nd8xb7 Nd3c1
26.Be2f3 Re8xe5
27.Rd1xd5 Re5xd5
28.Ne3xd5 Nb3d4
29.Rf1d1 Nd4xf3
30.gxf3 Bf8xa3
31.b6 Kh7
32.Nd5e3 Nc1b3
33.Nb7d6 Rc8a8
34.Ne3c4 Ba3c5
35.Nd6e4 Bc5d4
{ draw }
1/2-1/2

[Event "Tourn. n8149"]
[Site "www.chess-mail.com"]
[Date "2015.04.03"]
[Round "1"]
[White "Wildsmokey"]
[Black "Guidom"]
[WhiteElo "2030"]
[BlackElo "2080"]
[Result "1-0"]
[Round "1"]
1.e4 e5
2.Ng1f3 Nb8c6
3.d4 exd4
4.Bf1c4 d6
5.Nf3xd4 Nc6e5
6.Bc4e2 Ng8f6
7.f4 Ne5c6
8.Nb1c3 Nc6xd4
9.Qd1xd4 Bc8d7
10.O-O Bf8e7
11.e5 dxe5
12.fxe5 Nf6g8
13.Qd4f2 Bd7e6
14.Bc1e3 Qd8c8
15.Be2h5 g6
16.Bh5e2 Be7b4
17.Nc3e4 Ng8e7
18.Ne4f6 Kd8
19.Ra1d1 Be6d7
20.Nf6xd7 { resign }
1-0

[Event "Tourn. n8066"]
[Site "www.chess-mail.com"]
[Date "2015.04.03"]
[Round "1"]
[White "Powerchess"]
[Black "Gene4267"]
[WhiteElo "1360"]
[BlackElo "1499"]
[Result "0-1"]
[Round "1"]
1.e4 e6
2.d4 d5
3.exd5 exd5
4.Bf1d3 Bf8d6
5.Ng1f3 Ng8e7
6.O-O O-O
7.Rf1e1 Bc8g4
8.h3 Bg4h5
9.Nb1d2 c6
10.Nd2f1 Qd8c7
11.Bc1g5 Rf8e8
12.Bg5h4 Nb8d7
13.Bh4g3 Nd7f6
14.Bg3xd6 Qc7xd6
15.Nf1g3 Bh5g6
16.Nf3e5 Bg6xd3
17.Qd1xd3 Ne7g6
18.Ng3f5 Qd6c7
19.Ne5xg6 hxg6
20.Nf5g3 Re8xe1
21.Ra1xe1 Qc7a5
22.Re1e2 Qa5xa2
23.b3 a5
24.c4 Qa2a3
25.cxd5 Nf6xd5
26.Qd3c4 Nd5b6
27.Qc4c5 Qa3xc5
28.dxc5 Nb6d7
29.Re2c2 a4
30.bxa4 Ra8xa4
31.f3 f5
32.Ng3e2 Ra4a5
{ resign }
0-1

[Event "Tourn. n8146"]
[Site "www.chess-mail.com"]
[Date "2015.04.03"]
[Round "1"]
[White "Cardiff"]
[Black "Vite"]
[WhiteElo "1970"]
[BlackElo "1980"]
[Result "1-0"]
[Round "1"]
1.e4 c6
2.d4 d5
3.exd5 cxd5
4.Nb1c3 Bc8f5
5.Ng1f3 e6
6.Bf1b5 Nb8d7
7.Nf3e5 Ng8f6
8.Bc1g5 Qd8c7
9.Bg5xf6 gxf6
10.Ne5xd7 { resign }
1-0

[Event "Tourn. n7929"]
[Site "www.chess-mail.com"]
[Date "2015.04.03"]
[Round "1"]
[White "Nimzo"]
[Black "Numanoid"]
[WhiteElo "2660"]
[BlackElo "2570"]
[Result "1/2-1/2"]
[Round "1"]
1.d4 g6
2.e4 Bf8g7
3.Nb1c3 d6
4.Bc1e3 a6
5.f4 b5
6.Bf1d3 Bc8b7
7.Ng1f3 Nb8d7
8.e5 Ng8h6
9.Qd1e2 c5
10.dxc5 dxe5
11.Nf3xe5 Nd7xe5
12.fxe5 O-O
13.O-O Qd8c7
14.Ra1e1 Qc7xe5
15.Be3xh6 Qe5xe2
16.Re1xe2 Bg7xh6
17.Re2xe7 Bb7c6
18.Nc3e4 Bh6e3
19.Kh1 Bc6xe4
20.Bd3xe4 Be3xc5
21.Re7xf7 Rf8xf7
22.Rf1xf7 Kxf7
23.Be4xa8 Ke6
24.c3 { draw }
1/2-1/2

[Event "Tourn. n8139"]
[Site "www.chess-mail.com"]
[Date "2015.04.03"]
[Round "1"]
[White "Cathar"]
[Black "Chessfan"]
[WhiteElo "2260"]
[BlackElo "2300"]
[Result "0-1"]
[Round "1"]
1.c4 Ng8f6
2.g3 g6
3.Bf1g2 Bf8g7
4.Nb1c3 O-O
5.d4 d6
6.Ng1f3 Nb8c6
7.O-O e5
8.d5 Nc6e7
9.e4 Nf6d7
10.Nf3e1 b6
11.Ne1d3 Nd7c5
12.f4 exf4
13.Bc1xf4 h6
14.Nd3f2 g5
15.Bf4e3 Ne7g6
16.Ra1c1 a5
17.b3 f5
18.a3 f4
19.Be3d2 Ng6e5
20.gxf4 gxf4
{ resign }
0-1

[Event "Match"]
[Site "www.echecsemail.com"]
[Date "2015.04.03"]
[Round "1"]
[White "Drigg"]
[Black "Liencam2"]
[WhiteElo "1499"]
[BlackElo "2280"]
[Result "0-1"]
[Round "1"]
1.e4 c5
2.Qd1e2 Nb8c6
3.Qe2d1 g6
4.Bf1e2 Bf8g7
5.d3 Ng8f6
6.Ng1f3 d6
7.O-O a6
8.g3 Bc8h3
9.Rf1e1 Qd8c7
10.Nb1c3 O-O
11.Ra1b1 Ra8d8
12.d4 cxd4
13.Nc3a4 b5
14.Nf3xd4 Nc6xd4
15.Qd1xd4 Rd8b8
16.Na4c3 Rf8c8
17.Bc1e3 b4
18.Nc3a4 Qc7xc2
19.Rb1c1 Qc2xa4
20.Rc1b1 Qa4c6
21.Be2f3 Nf6g4
22.Qd4d5 Ng4xe3
23.Re1xe3 Qc6xd5
24.exd5 Rc8c2
25.Re3e2 Rb8c8
26.Bf3e4 Rc2xb2
27.Re2xb2 Bg7xb2
28.Rb1xb2 Rc8c1
 { time }
0-1

[Event "Match"]
[Site "www.echecsemail.com"]
[Date "2015.04.03"]
[Round "1"]
[White "Generalfree"]
[Black "Carloswhizz"]
[WhiteElo "1820"]
[BlackElo "1760"]
[Result "1-0"]
[Round "1"]
1.e4 d5
2.e5 Nb8c6
3.f4 f6
4.exf6 Ng8xf6
5.h3 e6
6.c3 Bf8e7
7.Bf1d3 O-O
8.g4 Bc8d7
9.g5 Nf6e8
10.Ng1e2 Ra8c8
11.h4 a6
12.Ne2g3 b5
13.Qd1h5 g6
14.Qh5h6 Ne8g7
15.h5 Ng7f5
16.Ng3xf5 Be7xg5
17.Qh6g7 
1-0

[Event "Match"]
[Site "www.echecsemail.com"]
[Date "2015.04.03"]
[Round "1"]
[White "F14"]
[Black "Rob33"]
[WhiteElo "1870"]
[BlackElo "1979"]
[Result "1/2-1/2"]
[Round "1"]
1.d4 Ng8f6
2.c4 g6
3.Nb1c3 Bf8g7
4.Qd1c2 O-O
5.e4 d6
6.Ng1f3 Nb8c6
7.Bf1e2 Nc6b4
8.Qc2d1 c5
9.d5 e6
10.O-O exd5
11.exd5 Bc8f5
12.a3 Nb4c2
13.Ra1a2 Rf8e8
14.b4 cxb4
15.axb4 Nc2xb4
16.Ra2b2 Nf6e4
17.Nc3xe4 Bg7xb2
18.Bc1xb2 Re8xe4
19.Bb2c3 Qd8a5
20.Be2d3 Qa5a3
21.Bc3xb4 Qa3xb4
22.Bd3xe4 Bf5xe4
23.Nf3d2 Be4d3
24.Rf1e1 Bd3xc4
25.Nd2xc4 Qb4xc4
26.h3 a5
27.Re1e3 b5
28.Qd1f3 f5
29.Re3c3 Qc4e4
30.Qf3d1 b4
31.Rc3c7 a4
32.Qd1c1 Ra8e8
33.Qc1h6 Re8e7
34.Rc7c8 Re7e8
35.Rc8c7 Re8e7
{ draw }
1/2-1/2

[Event "Match"]
[Site "www.echecsemail.com"]
[Date "2015.04.03"]
[Round "1"]
[White "Generalfree"]
[Black "Budokai"]
[WhiteElo "1740"]
[BlackElo "1429"]
[Result "1-0"]
[Round "1"]
1.e4 e5
2.Ng1f3 Nb8c6
3.Bf1c4 Qd8f6
4.d3 Qf6g6
5.Nf3g5 Bf8b4
6.c3 Bb4f8
7.Bc4xf7 Qg6xf7
8.Ng5xf7  { time }
1-0

[Event "1/32 Finale"]
[Site "www.chess-mail.com"]
[Date "2015.04.03"]
[Round "1"]
[White "Cathar"]
[Black "Merlino23"]
[WhiteElo "2230"]
[BlackElo "2710"]
[Result "0-1"]
[Round "1"]
1.c4 Ng8f6
2.g3 g6
3.Bf1g2 Bf8g7
4.Nb1c3 O-O
5.d4 d6
6.Ng1f3 Nb8c6
7.O-O Ra8b8
8.h3 a6
9.e4 b5
10.cxb5 axb5
11.e5 dxe5
12.dxe5 Nf6d7
13.e6 fxe6
14.Qd1e2 b4
15.Nc3e4 Rb8b6
16.Rf1d1 Bc8a6
17.Qe2e1 Rf8xf3
18.Bg2xf3 Nc6d4
19.Rd1xd4 Bg7xd4
20.Bc1e3 c5
21.Ne4g5 Nd7e5
22.Bf3g2 Ne5d3
23.Qe1d2 Nd3xb2
24.Be3xd4 Qd8xd4
25.Qd2e1 Nb2d3
{ resign }
0-1

[Event "Eq:Los Tercios-BEAC Hungary : "]
[Site "www.chess-mail.com"]
[Date "2015.04.03"]
[Round "1"]
[White "Hali"]
[Black "Lui"]
[WhiteElo "2180"]
[BlackElo "2310"]
[Result "0-1"]
[Round "1"]
1.e4 c5
2.Ng1f3 d6
3.d4 cxd4
4.Nf3xd4 Ng8f6
5.Nb1c3 a6
6.Bc1g5 e6
7.f4 Qd8b6
8.Qd1d2 Qb6xb2
9.Ra1b1 Qb2a3
10.Bg5xf6 gxf6
11.Rb1b3 Qa3a5
12.Bf1e2 Bf8h6
13.Qd2d3 Bh6xf4
14.O-O Bf4e5
15.Nd4f3 Nb8d7
16.Nf3xe5 Qa5xe5
17.Qd3f3 Nd7c5
18.Rb3b6 Nc5d7
19.Rb6b4 Qe5c5
{ resign }
0-1

[Event "Fast Game"]
[Site "www.echecsemail.com"]
[Date "2015.04.03"]
[Round "1"]
[White "Ranjachess"]
[Black "Xandersonx"]
[WhiteElo "1629"]
[BlackElo "1599"]
[Result "0-1"]
[Round "1"]
1.e4 e6
2.Nb1c3 g6
3.d4 Qd8f6
4.e5 Qf6e7
5.Ng1f3 f6
6.Bc1f4 f5
7.Qd1d2 h6
8.d5 g5
9.d6 Qe7d8
10.Bf4e3 cxd6
11.Nc3b5 g4
12.Qd2c3 Nb8c6
13.Nf3d4 dxe5
14.Nd4xc6 bxc6
15.Nb5xa7 Bf8g7
16.f4 Ng8e7
17.Bf1c4 O-O
18.fxe5 Ne7g6
19.O-O-O Bg7xe5
20.Na7xc6 Qd8f6
21.Nc6xe5 Ng6xe5
22.Be3d4 d6
23.Rh1e1 Qf6g5
24.Bd4e3 f4
25.Be3d2 Ne5xc4
26.Qc3xc4 Qg5c5
27.Qc4e4 Qc5a7
28.Bd2xf4 d5
29.Qe4g6 Qa7g7
30.Qg6xh6 Qg7xh6
31.Bf4xh6 Rf8f2
32.Rd1d2 Rf2f6
33.Bh6f4 Rf6xf4
34.a3 Ra8a4
35.c3 Ra4e4
36.Re1e2 Re4xe2
37.Rd2xe2 Rf4f1
38.Kd2 Rf1h1
39.g3 Rh1f1
40.Re2e5 Kf7
41.Re5g5 Rf1f2
42.Ke3 Rf2xb2
43.Rg5xg4 Rb2xh2
44.c4 e5
45.Rg4g5 d4
46.Kd3 Kf6
47.Rg5xe5 Kxe5
48.c5 Rh2h3
49.c6 Rh3xg3
50.Kd2 Rg3xa3
51.c7 Ke4
52.Kc2 d3
53.Kb2 Ra3a7
54.Kc3 Ra7xc7
55.Kd2 Rc7c2
56.Kd1 Ke3
57.Ke1 d2
58.Kd1 Rc2c1

0-1

[Event "Tourn. n8096"]
[Site "www.chess-mail.com"]
[Date "2015.04.04"]
[Round "1"]
[White "Fred"]
[Black "Libiesse"]
[WhiteElo "2030"]
[BlackElo "1930"]
[Result "1/2-1/2"]
[Round "1"]
1.e4 c5
2.f4 e6
3.Ng1f3 Nb8c6
4.c3 d5
5.e5 Ng8e7
6.Bf1b5 Qd8c7
7.d3 a6
8.Bb5a4 b5
9.Ba4c2 Bc8b7
10.Bc1e3 Ne7f5
11.Be3f2 Bf8e7
12.O-O Ra8d8
13.Nb1d2 O-O
14.Qd1e2 Rd8d7
15.Ra1e1 Rf8d8
16.d4 cxd4
17.Bc2xf5 exf5
18.cxd4 Kf8
19.a3 Nc6a5
20.Bf2h4 Be7xh4
21.Nf3xh4 g6
22.Nh4f3 Qc7c2
23.Nf3g5 Rd7e7
24.e6 f6
25.Ng5xh7 Kg7
26.Nh7xf6 Qc2xb2
27.Qe2e5 Na5c6
{ draw }
1/2-1/2

[Event "Tourn. n8071"]
[Site "www.chess-mail.com"]
[Date "2015.04.04"]
[Round "1"]
[White "Nham"]
[Black "Terrible"]
[WhiteElo "2100"]
[BlackElo "2270"]
[Result "1-0"]
[Round "1"]
1.e4 e5
2.Ng1f3 Nb8c6
3.Bf1c4 Bf8c5
4.c3 Ng8f6
5.d4 exd4
6.cxd4 Bc5b4
7.Nb1c3 Nf6xe4
8.O-O Bb4xc3
9.d5 Bc3f6
10.Rf1e1 Nc6e7
11.Re1xe4 d6
12.Bc1g5 Bf6xg5
13.Nf3xg5 h6
14.Qd1e2 hxg5
15.Ra1e1 Bc8e6
16.dxe6 f6
17.Re4e3 Kf8
18.Re3b3 Qd8b8
19.Qe2g4 Rh8h4
20.Rb3h3 Rh4xh3
21.Qg4xh3 Kg8
22.Bc4d3 g6
23.Qh3h6 Qb8f8
24.Qh6h3 Kg7
25.Qh3f3 d5
26.Qf3g3 Qf8d8
27.Bd3b1 c5
28.Re1c1 b6
29.Rc1d1 Qd8b8
30.Qg3d3 Qb8e5
31.Qd3a6 Qe5xe6
32.Qa6b7 Ra8e8
33.h3 a5
34.a3 d4
35.Kf1 Qe6c6
36.Qb7a7 Kh6
37.Rd1e1 Qc6b5
38.Kg1 Ne7d5
39.Re1xe8 Qb5xe8
40.Bb1a2 Qe8e1
41.Kh2 Qe1e5
42.Kg1 f5
43.Qa7b7 Qe5e1
44.Kh2 Nd5f4
45.Ba2g8 g4
46.h4 g3
47.fxg3 Kh5
48.Qb7f3 { resign }
1-0

[Event "Tourn. n8078"]
[Site "www.chess-mail.com"]
[Date "2015.04.04"]
[Round "1"]
[White "Difficult"]
[Black "Liencam2"]
[WhiteElo "2100"]
[BlackElo "2270"]
[Result "0-1"]
[Round "1"]
1.e4 c5
2.b3 Nb8c6
3.Bc1b2 d6
4.Bf1b5 Bc8d7
5.Ng1f3 Ng8f6
6.Nb1c3 e6
7.O-O Bf8e7
8.d3 O-O
9.Rf1e1 a6
10.Bb5xc6 Bd7xc6
11.Qd1e2 b5
12.a3 Qd8c7
13.Ra1d1 e5
14.h3 Nf6d7
15.Qe2e3 f5
16.exf5 Rf8xf5
17.Nf3d2 Ra8f8
18.Re1f1 Be7g5
19.Qe3e2 Bg5h4
20.Nc3e4 Nd7b6
21.Ne4g3 Rf5g5
22.Nd2e4 Rg5g6
23.Kh1 Nb6d5
24.Bb2c1 Qc7f7
25.Kg1 Nd5f4
26.Qe2e3 d5
27.Ne4d6 Qf7e6
{ resign }
0-1